00000000nam##2200000za#4500
0019.699613
003CaOODSP
00520210625000446
007cr |||||||||||
008150407|2005||||xxc|||||o    f|0| 0 eng|d
040 |aCaOODSP|beng
043 |an-cn---
0861 |aH46-2/05-401E-PDF
1101 |aCanada.|bHealth Canada. |bConsumer Product Safety.
24510|aDo you know what these symbols mean? |h[electronic resource]
250 |aRevised.
260 |aOttawa - Ontario : |bHealth Canada. |cMarch 2005.
300 |a1p.|bfigs., illus.
500 |aThe catalogue number (H46-2/05-401) and ISBN (0-662-68851-1) for the bilingual print edition have been incorrectly copied in this electronic publication.
590 |a14-14-Supp|b2014-07-24
69007|aSafety|2gcpds
69007|aChemical products|2gcpds
77508|tQu'est-ce que ces symboles veulent dire? |w(CaOODSP)9.643592
85640|ahttp://publications.gc.ca|qPDF|s103 KB|uhttps://publications.gc.ca/collections/collection_2014/sc-hc/H46-2-05-401-eng.pdf